Municípios da Região Metropolitana de Goiânia (GO) no mapa - Statistics

Estatísticas Gerais
  • Esse quiz foi jogado 179 vezes
    159 desde o último reset
  • A pontuação média é 10 de 21
Respostas no mapa
Respostas codificadas por cores de uma escala verde-vermelha no mapa do quiz de acordo com a % correta abaixo.
 
Estatísticas das Respostas
Município % Correto
Goiânia
99%
Aparecida de Goiânia
91%
Trindade
80%
Senador Canedo
74%
Goianira
58%
Hidrolândia
55%
Abadia de Goiás
51%
Nerópolis
51%
Inhumas
49%
Guapó
47%
Bela Vista de Goiás
43%
Aragoiânia
42%
Goianápolis
39%
Nova Veneza
35%
Terezópolis de Goiás
35%
Bonfinópolis
34%
Santo Antônio de Goiás
32%
Caldazinha
30%
Brazabrantes
28%
Caturaí
27%
Santa Bárbara de Goiás
24%
Nenhum quiz correspondente encontrado
Distribuição das Pontuações
Porcentagem de Pessoas com Cada Pontuação
Percentil de Números Respondidos
Sua Pontuação Histórica
Você não jogou esse quiz desde o último reset